The house on the cliff. (Record no. 110768)
[ view plain ]
| 000 -LEADER | |
|---|---|
| fixed length control field | 00380nam a2200157 a 4500 |
| 001 - CONTROL NUMBER | |
| control field | 3857 |
| 005 - DATE AND TIME OF LATEST TRANSACTION | |
| control field | 20140414131903.0 |
| 008 - FIXED-LENGTH DATA ELEMENTS--GENERAL INFORMATION | |
| fixed length control field | 050924s19uu xx 00 eng d |
| 050 ## - LIBRARY OF CONGRESS CALL NUMBER | |
| Classification number | FIC |
| Item number | D54 1959 |
| 100 ## - MAIN ENTRY--PERSONAL NAME | |
| Personal name | Franklin W. Dixon |
| 245 #4 - TITLE STATEMENT | |
| Title | The house on the cliff. |
| 260 ## - PUBLICATION, DISTRIBUTION, ETC. (IMPRINT) | |
| Place of publication, distribution, etc | New York : |
| Name of publisher, distributor, etc | Grosset & Dunlap. |
| 300 ## - PHYSICAL DESCRIPTION | |
| Extent | p. ; cm. |
| 440 ## - SERIES STATEMENT/ADDED ENTRY--TITLE | |
| Title | Hardy boys |
| Withdrawn status | Lost status | Damaged status | Home library | Current library | Shelving location | Date acquired | Source of acquisition | Total Checkouts | Full call number | Barcode | Date last seen | Price effective from | Koha item type |
|---|---|---|---|---|---|---|---|---|---|---|---|---|---|
| Munich Library | Munich Library | Fiction Section | 09/24/2005 | FIC D54 1959 | M1252 | 04/14/2014 | 04/14/2014 | Books |